000 01280nam a22003377a 4500
003 DO-SdBNP
005 20180312124740.0
008 160511b 2004 dr00| 0 spa d
020 _a8482617109 (Módulo 2)
020 _a8482617117 (Módulo 3)
020 _a8482637141 (Módulo 6)
020 _a8482617168 (Módulo 8)
020 _a8482617176 (Módulo 9)
040 _aBPMSU
_bspa
_cBPMSU
082 4 _a374.83
_bP927e 1ro. 2004
245 _aPrepara educación de adultos :
_b1ro. bachillerato /
_cManuel García Cartagena ... [et al.] ; dirección editorial Obdulia García de Escobar
250 _a2a ed.
260 _aSanto Domingo :
_bSecretaría de Estado de Educación ;
_bSantillana ;
_c2002.
300 _av. :
_bil. ;
_c28 cm.
490 1 _aSantillana adultos
650 4 _aEDUCACIÓN SECUNDARIA DE ADULTOS
_zREPÚBLICA DOMINICANA
650 4 _aEDUCACIÓN SECUNDARIA DE ADULTOS
_xLIBROS DE TEXTOS
650 4 _aEDUCACIÓN SECUNDARIA DE ADULTOS
_xESTUDIO Y EJERCICIOS
700 1 2 _aGarcía Cartagena, Manuel
700 1 _aGarcía de Escobar, Obdulia,
_e ed.
830 0 _aSantillana adultos
910 _aValidado. Control de calidad MFF
942 _2ddc
_cBK
945 _aRemanejada para la BNPHU 2018 / BT
956 _aBTAVÁREZ
_b10
_c20160613
_dBPMSU
_f0038
999 _c10086
_d10086